Представление документа в формате RUSMARC

ПолеНазваниеЗначение
  Тип записи i
  Библиографический уровень m
001 Контрольный номер c12992f172d34f80942aa7caf52f610c
005 Дата корректировки 20230112125155.1
010 Индекс ISBN __
a ISBN 978-5-9677-2924-9
b Уточнения в кор.
d Цена 276-90
100 Данные общей обработки __
a Данные общей обработки 20201215d2019 em y0rusy028902 ca
101 Язык документа 0_
a Язык текста rus
102 Страна публикации __
a Страна публикации RU
105 Кодированные данные (монография) __
a Кодированные данные (монография)
125 Кодированные данные звукозаписи и нотных изданий __
a Форма изложения нотного текста
b Определитель литературного текста с
126 Кодированные данные (звукозаписи-физические характеристики) __
a Кодированные данные звукозаписи (общие) agbаhхх cd
127 Кодированные данные (звукозаписи-физические характеристики) __
a Продолжительность проигрывания 0711##
135 Кодированные данные (электронные ресурсы) __
a Кодированные данные (электронные ресурсы) hongannnauuuu
139 Кодированные данные (электронные ресурсы) __
a Кодированные данные (электронные ресурсы) сaz
181 Поле кодированных данных: вид содержания _0
a Код вида содержания (ISBD) h
182 Поле кодированных данных: тип средства _0
a Код типа средства (ISBD) a
200 Заглавие и сведения об ответственности 1_
a Заглавие Деньги миледи
e Сведения, относящиеся к заглавию роман : [аудиокнига]
f Первые сведения об ответственности Уилки Коллинз ; исполнитель и звукорежиссер Вадим Максимов ; музыка Леонида Атабекова
203 Вид содержания и тип средства __
a Вид содержания Устная речь
c Тип средства аудио
210 Выходные данные 1_
a Место издания Москва
c Издательство 1С-Паблишинг
d Дата издания 2019
215 Физическое описание __
a Объем 1 электрон. опт. диск (CD-ROM) (07 ч 11 мин)
d Формат 12 см
c Иллюстрации/тип воспроизводства зв.
225 Серия 2_
a Серия 1С: Аудиокниги
300 Общие примечания __
a Общие примечания Заглавие с этикетки диска
300 Общие примечания __
a Общие примечания Данные в формате MP3
330 Аннотация __
a Аннотация Коллинз - подлинный мастер интриги и увлекательного сюжета. В его романах, пьесах и рассказах органично сочетаются логика расследования преступлений, психологизм в обрисовке персонажей, красочные пейзажи и романтические истории, элементы сатиры и мистики. Произведения Уилки Коллинза переведены на десятки языков и многократно экранизированы. Они снискали небывалый успех у читателей и зрителей во всем мире. Роман "Деньги миледи" продолжает детективную линию творчества Коллинза. В нем мы узнаем о ходе расследования пропажи 500-фунтовой банкноты, при поиске которой было опорочено честное имя бедной Изабеллы, заподозренной в краже этих денег...
333 Примечание о целевом назначении __
a Примечание о целевом назначении 16+. Для детей старше 16 лет
337 Примечание о системных требованиях (электронные ресурсы) __
a Примечание о системных требованиях (электронные ресурсы) Системные требования : MS Windows 95/98/2000/XP/Vista/7/8/10 ; Pentium 100 ; ОЗУ 16 Мб ; монитор SVGA, 800x600 ; устройство чтения CD/DVD-ROM ; звуковая карта ; колонки или наушники ; мышь ; музыкальный центр ; CD/DVD-плеер, планшет, смартфон и прочие устройства
606 Тематические рубрики __
a Основная рубрика Художественная литература
2 Код системы nlr_sh
606 Тематические рубрики __
2 Код системы nlr_sh
a Основная рубрика Литература Европы (произведения)
y Географическая подрубрика Великобритания
610 Ключевые слова 0_
a Ключевые слова романы
a Ключевые слова аудиокниги
610 Ключевые слова 0_
a Ключевые слова детективные романы
610 Ключевые слова 0_
a Ключевые слова английские детективы
610 Ключевые слова 0_
a Ключевые слова детективы
610 Ключевые слова 0_
a Ключевые слова английская классика
610 Ключевые слова 0_
a Ключевые слова английская литература
610 Ключевые слова 0_
a Ключевые слова тема расследований
686 Индексы других классификаций __
2 Код системы rubbks
a Классификационный индекс 84(4Вел)52-445я04; ст84(4Вел)-445я0
700 Автор _1
a Фамилия Коллинз
b Имя У. У.
g Полное личное имя Уильям Уилки
f Даты 1824-1889
4 Код отношения 070
702 Вторичная интеллектуальная ответственность _1
a Фамилия Максимов
b Имя В.
g Полное личное имя Вадим
4 Код отношения 590
4 Код отношения 300
702 Вторичная интеллектуальная ответственность _1
a Фамилия Атабеков
b Имя Л.
g Полное личное имя Леонид
4 Код отношения 230
801 Источник записи _0
b Организация Муниципальное бюджетное учреждение культуры "Централизованная библиотечная система" г. Сургут (Центральная городская библиотека им. А. С. Пушкина)
a Страна RU
c Дата составления 20221025
g Правила каталогизации PSBO
801 Источник записи _1
b Организация Муниципальное бюджетное учреждение культуры "Централизованная библиотечная система" г. Сургут (Центральная городская библиотека им. А. С. Пушкина)
a Страна RU
c Дата составления 20221025
g Правила каталогизации PSBO
852 Данные о местонахождении 5_
j Шифр хранения 84(4Вел)52-445я04
i Авторский знак К 60
900 Макрообъекты __
a Макрообъекты Деньги миледи, Коллинз, У. 2019
901 Тип документа __
a Ответственный КиК/Котельникова
t Тип документа 0
903 Характеристики (МАРС) __
a Дата передачи 20221025
c Наименование библиотеки (МАРС) Муниципальное бюджетное учреждение культуры "Централизованная библиотечная система" г. Сургут (Центральная городская библиотека им. А. С. Пушкина)
969 Тип издания __
a Тип издания аудиокнига
a Тип издания издание для слепых
990 Данные о заказе (DOS) __
j Количество экземпляров (DOS) 2
t N записи в КСУ для И/У (DOS) 202211